banner koha

Prevalence of bovine tuberculosis in the Aksu Region of Xinjiang, China, between 1985 and 2016 (Registro n. 328275)

MARC details
000 -LÍDER
fixed length control field 03256nab a2200361 i 4500
003 - CÓDIGO MARC DA AGÊNCIA CATALOGADORA
Campo de controle BR-BrBNA
005 - DATA E HORA DA ÚLTIMA ATUALIZAÇÃO
Campo de controle 20241024190437.0
008 - CAMPO DE TAMANHO FIXO
fixed length control field 241024b2019 bl.|r|pooa||| 00| 0 eng |
040 ## - FONTE DA CATALOGAÇÃO
Agência catalogadora BR-BrBNA
Idioma da catalogação eng
072 ## - CATEGORIA AGRIS
Código AGRIS L73
Código do objeto 5213
072 ## - CATEGORIA AGRIS
Código do objeto 5214
100 ## - ENTRADA PRINCIPAL - NOME PESSOAL
Nome pessoal Liu, Y.H.
100 ## - ENTRADA PRINCIPAL - NOME PESSOAL
Nome pessoal Kang, Q.
100 ## - ENTRADA PRINCIPAL - NOME PESSOAL
Nome pessoal Yang, B.
100 ## - ENTRADA PRINCIPAL - NOME PESSOAL
Nome pessoal Li, F.
100 ## - ENTRADA PRINCIPAL - NOME PESSOAL
Nome pessoal Li, X.Q.
100 ## - ENTRADA PRINCIPAL - NOME PESSOAL
Nome pessoal Zhang, L.
100 ## - ENTRADA PRINCIPAL - NOME PESSOAL
Nome pessoal Zhao, L.
245 ## - TÍTULO PRINCIPAL
Título principal Prevalence of bovine tuberculosis in the Aksu Region of Xinjiang, China, between 1985 and 2016
500 ## - NOTA GERAL
Nota geral Publicação online; 14 ref.; Summaries (En, Pt)
942 ## - ADDED ENTRY ELEMENTS (KOHA)
Koha item type Analítica
520 ## - NOTA DE RESUMO
Nota de conteúdo <br/><br/>ABSTRACT - Prevalence of bovine tuberculosis infection in cattle in Aksu Prefecture determined by intradermal tuberculin skin test (TST), between 1985 and 2016. Cattle were analyzed according to region, feeding pattern, herds and age. A total of 890,009 cattle were tested, with overall bovine tuberculosis prevalence of 0.13% (1172/890009). Statistically significant difference was found in feeding pattern and herds. Prevalence in cows (0.19%, 615/327022) was higher than that in beeves (P< 0.01, OR= 1.903, 95% CI = 1.696 to 2.134). Significant difference (P< 0.01; OR= 2.238, 95%; CI= 1.937 to 2.585) was evident for rates for bovine tuberculosis in the peasant household (0.12%, 942/802343) and farm groups (0.26%, 230/87666). The overall prevalence of bTB was decreased in the Aksu Prefecture, especially the positive rate was under 0.1% in 2010s. We concluded that the control measures forbovine tuberculosis in the Aksu region cattle herds are effective.<br/><br/><br/>Keywords: prevalence, bovine tuberculosis, aksu prefecture
520 ## - NOTA DE RESUMO
Nota de conteúdo <br/><br/>RESUMO - Prevalência de infecção por tuberculose bovina em gado na prefeitura de Aksu determinada por teste cutâneo tuberculínico (TST) entre 1985 e 2016 foi avaliada. O gado foi analisado de acordo com região, padrão alimentar, rebanho e idade. Um total de 890009 animais foram testados, com prevalência de 0,13% de tuberculose bovina (1172/890009). Diferença estatisticamente significativa foi encontrada em padrão alimentar e rebanhos. Prevalência em vacas (0,19%, 615/327022) foi mais alta que em bois (P<0,01, OR= 1,903, 95% CI = 1,696 a 2,134). Diferenças significativas (P< 0,01; OR= 2,238, 95%; CI=1,937 a 2,585) foram evidentes em taxas para tuberculose bovina em casas de camponeses (0,12%, 942/802343) e grupos de fazendeiros (0,26%, 230/87666). A prevalência de bTB caiu na prefeitura Aksu, a taxa positiva se encontrava abaixo de 0.1% a partir de 2010. Conclui-se que as medidas de controle para tuberculose bovina na região de Aksu foram eficazes.<br/><br/><br/>Palavras-chave: prevalência, tuberculose bovina, aksu
650 ## - ASSUNTO - THESAGRO
Cabeçalho tópico ou nome geográfico PECUÁRIA
650 ## - ASSUNTO - THESAGRO
Cabeçalho tópico ou nome geográfico BOVINO
650 ## - ASSUNTO - THESAGRO
Cabeçalho tópico ou nome geográfico TUBERCULOSE
650 ## - ASSUNTO - THESAGRO
Cabeçalho tópico ou nome geográfico DOENÇA ANIMAL
650 ## - ASSUNTO - THESAGRO
Cabeçalho tópico ou nome geográfico SAÚDE PÚBLICA
650 ## - ASSUNTO - THESAGRO
Cabeçalho tópico ou nome geográfico CHINA
773 0# - ENTRADA ANALÍTICA
Host Biblionumber 1643
Registro do item 345608
Imprenta Belo Horizonte-MG Universidade Federal de Minas Gerais - Escola de Veterinaria 1983
Outro identificador 2024-6240
Título Arquivo Brasileiro de Medicina Veterinária e Zootecnia (Brazil)
ISSN 0102-0935
Colação v. 71(2) p. 374-378; (2019)
Número de controle de registro BR2024002959
856 ## - ACESSO E ENDEREÇO ELETRÔNICO
Identificador uniforme de recurso - URI https://www.scielo.br/j/abmvz/a/HvTTpDMCFXPs8RBJkLnz99z/?format=pdf&lang=en

Nenhum exemplar disponível.

BINAGRI

Telefone: (61)3218-2567/2388/3357/2097 - binagri@agro.gov.br

Ministério da Agricultura e Pecuária , Esplanada dos Ministérios, Bloco D, Anexo B, Brasília/DF, CEP: 70.043-900